header

DNA repair, genetic instability, and cancer (Record no. 6553)

MARC details
000 -LEADER
fixed length control field 01301nam a2200349Ia 4500
001 - CONTROL NUMBER
control field ebr10698903
003 - CONTROL NUMBER IDENTIFIER
control field CaPaEBR
006 - FIXED-LENGTH DATA ELEMENTS--ADDITIONAL MATERIAL CHARACTERISTICS--GENERAL INFORMATION
fixed length control field m o u
007 - PHYSICAL DESCRIPTION FIXED FIELD--GENERAL INFORMATION
fixed length control field cr cn|||||||||
008 - FIXED-LENGTH DATA ELEMENTS--GENERAL INFORMATION
fixed length control field 060804s2007 njua sb 001 0 eng d
010 ## - LIBRARY OF CONGRESS CONTROL NUMBER
Canceled/invalid LC control number 2006050159
020 ## - INTERNATIONAL STANDARD BOOK NUMBER
Cancelled/invalid ISBN 9789812700148
Cancelled/invalid ISBN 9789812706782 (ebook)
Cancelled/invalid ISBN 9812700145
040 ## - CATALOGING SOURCE
Original cataloging agency CaPaEBR
Transcribing agency CaPaEBR
035 ## - SYSTEM CONTROL NUMBER
System control number (OCoLC)849924318
050 14 - LIBRARY OF CONGRESS CALL NUMBER
Classification number QH467
Item number .D6164 2007eb
082 04 - DEWEY DECIMAL CLASSIFICATION NUMBER
Classification number 616.99/4042
Edition number 22
245 00 - TITLE STATEMENT
Title DNA repair, genetic instability, and cancer
Medium [electronic resource] /
Statement of responsibility, etc editors, Qingyi Wei, Lei Li, David J. Chen.
260 ## - PUBLICATION, DISTRIBUTION, ETC. (IMPRINT)
Place of publication, distribution, etc Hackensack, NJ :
Name of publisher, distributor, etc World Scientific,
Date of publication, distribution, etc c2007.
300 ## - PHYSICAL DESCRIPTION
Extent xx, 353 p. :
Other physical details ill. (some col.)
504 ## - BIBLIOGRAPHY, ETC. NOTE
Bibliography, etc Includes bibliographical references and index.
533 ## - REPRODUCTION NOTE
Type of reproduction Electronic reproduction.
Place of reproduction Palo Alto, Calif. :
Agency responsible for reproduction ebrary,
Date of reproduction 2013.
Note about reproduction Available via World Wide Web.
-- Access may be limited to ebrary affiliated libraries.
650 #0 - SUBJECT ADDED ENTRY--TOPICAL TERM
Topical term or geographic name as entry element Cancer
General subdivision Genetic aspects.
Topical term or geographic name as entry element DNA repair.
655 #7 - INDEX TERM--GENRE/FORM
Genre/form data or focus term Electronic books.
Source of term local
700 1# - ADDED ENTRY--PERSONAL NAME
Personal name Chen, David,
Titles and other words associated with a name Dr.
Personal name Li, Lei,
Titles and other words associated with a name Dr.
Personal name Wei, Qingyi.
710 2# - ADDED ENTRY--CORPORATE NAME
Corporate name or jurisdiction name as entry element ebrary, Inc.
856 40 - ELECTRONIC LOCATION AND ACCESS
Uniform Resource Identifier <a href="http://site.ebrary.com/lib/rucke/Doc?id=10698903">http://site.ebrary.com/lib/rucke/Doc?id=10698903</a>
Public note An electronic book accessible through the World Wide Web; click to view

No items available.

© 2026 Rongo University
Contact us: librarian | system librarian | Rongo university